000 00459nam a2200181Ia 4500
005 20240913130011.0
008 240913s9999||||xx |||||||||||||| ||und||
041 _aENGLISH
082 _A617.8 Q9
100 _aFelix Priestley
245 0 _aEssentials of Audiology
250 _a1st
260 _c2019
_bFoster Acad
500 _aREFERENCE
650 _aAudiology Speech and Language Pathology
_bAllied Health Science
942 _cREF
999 _c246741
_d246741